Macroeconomía / (Registro nro. 4193)
[ vista simple ]
| 000 -LEADER | |
|---|---|
| fixed length control field | 02756nam a2200337Ia 4500 |
| 003 - CONTROL NUMBER IDENTIFIER | |
| control field | OSt |
| 005 - DATE AND TIME OF LATEST TRANSACTION | |
| control field | 20211109113815.0 |
| 008 - FIXED-LENGTH DATA ELEMENTS--GENERAL INFORMATION | |
| fixed length control field | 191128t1994 sp d fr 001 0dspa d |
| 020 ## - INTERNATIONAL STANDARD BOOK NUMBER | |
| International Standard Book Number | 8448118944 |
| 040 ## - CATALOGING SOURCE | |
| Original cataloging agency | CO-JMCR |
| Transcribing agency | CO-JMCR |
| 041 0# - LANGUAGE CODE | |
| Language code of text/sound track or separate title | spa |
| 082 04 - DEWEY DECIMAL CLASSIFICATION NUMBER | |
| Classification number | 339 / |
| Item number | D713m2 |
| Edition number | 23 |
| 100 1# - MAIN ENTRY--PERSONAL NAME | |
| Personal name | Dornbusch, Rudiger, |
| Relator term | autor |
| 9 (RLIN) | 6785 |
| 245 10 - TITLE STATEMENT | |
| Title | Macroeconomía / |
| Statement of responsibility, etc. | Rudiger Dornbusch y Stanley Fischer ; traducción, Esther Rabasco y Luis Toharia ; revisión técnica José A. García-Durán ; adaptación y traducción del software Fernando Balcells González, Jordi Melé Carné |
| 250 ## - EDITION STATEMENT | |
| Edition statement | Sexta edición |
| 260 ## - PUBLICATION, DISTRIBUTION, ETC. | |
| Place of publication, distribution, etc. | Madrid : |
| Name of publisher, distributor, etc. | McGraw-Hill, |
| Date of publication, distribution, etc. | ©1994 |
| 300 ## - PHYSICAL DESCRIPTION | |
| Extent | xix, 785 páginas : |
| Other physical details | gráficos a blanco y negro ; |
| Dimensions | 24 cm. |
| 500 ## - GENERAL NOTE | |
| General note | Incluye datos biográficos de los autores e índice amiantico. |
| 505 0# - FORMATTED CONTENTS NOTE | |
| Formatted contents note | Introducción a la economía: hechos y primeros modelos -- La demanda y oferta agregados y el crecimiento -- Los fundamentos de la conducta -- La inflación, el desempleo. los déficit presupuestarios y el ajuste internacional |
| 520 3# - SUMMARY, ETC. | |
| Summary, etc. | Desde su publicación en la década de los años setenta esta obra ha sido, en sus sucesivas ediciones, el texto de referencia de macroeconomía a nivel mundial. En esta sexta edición los autores plasman todas sus experiencias docente e investigadora elaborando un manual útil para el alumno sin caer en lo "esotérico o especulativo". Reflejan los cambios de matriz derivados de los acontecimientos e investigaciones macroeconómicas de los últimos diez años y analizan, desde un punto de vista periodístico, la "enconada batalla que ha venido registrándose en la profesión". Por primera vez se adjunta un programa informático (PC-Macroeconomics) que sigue la secuencia del libro. Permite al estudiante comprender la macroeconomía gracias a la perfecta conjunción del texto, los datos y los gráficos. Ofrece la posibilidad de utilizar el modo de demostración y seguir visualmente el análisis, o el modo interactivo modificando los parámetros del programa como desee. Con él se pueden resolver los problemas focalizados al final de cada capítulo, desarrollar ejercicios de simulación de política económica y analizar los datos que aparecen en los anexos referidos a países concretos. |
| 650 14 - SUBJECT ADDED ENTRY--TOPICAL TERM | |
| Topical term or geographic name entry element | Macroeconomía |
| 9 (RLIN) | 7838 |
| 650 24 - SUBJECT ADDED ENTRY--TOPICAL TERM | |
| Topical term or geographic name entry element | Fundamentos política monetaria |
| 9 (RLIN) | 7839 |
| 650 24 - SUBJECT ADDED ENTRY--TOPICAL TERM | |
| Topical term or geographic name entry element | Crecimiento económico |
| 9 (RLIN) | 3636 |
| 700 1# - ADDED ENTRY--PERSONAL NAME | |
| Personal name | Fischer, Stanley, |
| Relator term | autor |
| 9 (RLIN) | 7840 |
| 700 1# - ADDED ENTRY--PERSONAL NAME | |
| Personal name | Rabasco, Esther, |
| Relator term | traductora |
| 9 (RLIN) | 4986 |
| 700 1# - ADDED ENTRY--PERSONAL NAME | |
| Personal name | Toharia, Luis, |
| Relator term | traductor |
| 9 (RLIN) | 4738 |
| 700 1# - ADDED ENTRY--PERSONAL NAME | |
| Personal name | José A. García-Durán ; |
| Dates associated with a name | revisor |
| 9 (RLIN) | 41446 |
| 700 1# - ADDED ENTRY--PERSONAL NAME | |
| Personal name | Balcells González, Fernando, |
| Relator term | traductor |
| 9 (RLIN) | 41447 |
| 700 1# - ADDED ENTRY--PERSONAL NAME | |
| Personal name | Melé Carné, Jordi, |
| Relator term | traductor |
| 9 (RLIN) | 41448 |
| 942 ## - ADDED ENTRY ELEMENTS (KOHA) | |
| Source of classification or shelving scheme | Dewey Decimal Classification |
| Koha item type | Books |
| Withdrawn status | Lost status | Source of classification or shelving scheme | Damaged status | Not for loan | Collection code | Home library | Current library | Date acquired | Source of acquisition | Full call number | Barcode | Date last seen | Copy number | Koha item type | Public note |
|---|---|---|---|---|---|---|---|---|---|---|---|---|---|---|---|
| Dewey Decimal Classification | Non-fiction | Biblioteca Pública José María del Castillo y Rada | Biblioteca Pública José María del Castillo y Rada | 08/24/2018 | Donación | 339 / D713m2 | 201809018 | 05/16/2024 | Ej.1 | Books | Exlibris: Olga Lucia Calderon D., rúbrica el primera página. |